|
|
แสดงรายละเอียดบรรณานุกรม |
|
|
Brief Record
: Get Marc (ISO 2709)
: E-mail record
: |
|
|
| LEADER 00000nama 2200000uu 4500 | |||
| 001 188087 | |||
| 003 ULIBM | |||
| 008 040531s2544 th m m a000 0 tha d | |||
| 020 974-351-044-3 | |||
| 041 tha | |||
| 050 HA29 ค165ก | |||
| 100 ครุรักษ์ ภิรมย์รักษ์ | |||
| 245 เรียนรู้และฝึกปฏิบัติการวิจัยในชั้นเรียน | |||
| 246 วิจัย | |||
| 250 4 | |||
| 260 ชลบุรี งามช่าง 2544 | |||
| 300 184 หน้า | |||
| 650 การวิจัย | |||
| 998 2002-09-12 | |||
| 999 ^aใช้งานได้ทุกระบบ | |||
| คุณยังไม่ได้ล็อกอิน คุณสามารถมีกิจกรรมร่วมกับเว็บไซต์ได้ แต่ต้องล็อกอินก่อน :: |
|
| สถานะ | |||||||||
| 1. | หนังสือทั่วไป | HA29 ค165ก 2544 | On Shelf ขอยืม | ||||||
| 2. | หนังสือทั่วไป | HA29 ค165ก 2544 | On Shelf ขอยืม | ||||||
| [แสดง 2/2 รายการ] | |||||||||
| รายการใกล้เคียง หัวเรื่อง [การวิจัย]
|
BibComment |
| คอมเมนท์ทรัพยากรรายการนี้ |
|
|